|
|
|
|
| LEADER |
00000nab a2200000 a 4500 |
| 001 |
vtls000445678 |
| 003 |
SK-MaSNL |
| 005 |
20260304080601.0 |
| 008 |
250424c1992 xo 0 slo |
| 015 |
|
|
|a SNBRB19rr/mm-uuuuu
|
| 035 |
|
|
|a CL0445808
|
| 035 |
|
|
|a urn:nbn:sk:snk-abbmjh
|
| 035 |
|
|
|a (urnnbn)urn:nbn:sk:snk:ar-0062q4
|
| 035 |
|
|
|a (uuid)cf6a2d17-0b32-4ff6-a6f3-9624f22957d3
|
| 040 |
|
|
|a SNKBUCL
|b slo
|c SNKBUCL
|e AACR2
|
| 041 |
0 |
|
|a cze
|
| 044 |
|
|
|a xo
|c SK
|
| 080 |
|
|
|a 631.842:635.1/.8
|2 1981
|
| 080 |
|
|
|a 635.1/.8
|2 1981
|
| 100 |
1 |
|
|a Richter, Rostislav,
|d 1938-
|4 aut
|9 112008
|
| 245 |
1 |
0 |
|a Dusík a jeho vliv na výnos a kvalitu zeleniny
|c Rostislav Richter
|
| 300 |
|
|
|b Obr. 1. Tb. 2., lit. 3 zázn. v češ.
|
| 650 |
0 |
7 |
|a zelenina
|2 snkbucl
|9 2731
|
| 650 |
0 |
7 |
|a hnojivá
|2 snkbucl
|9 15432
|
| 650 |
0 |
7 |
|a dusík
|2 snkbucl
|9 15945
|
| 655 |
|
7 |
|a články z novín a časopisov
|2 snkbucl
|9 267496
|
| 773 |
0 |
|
|t Agrochémia
|g Roč. 32, č. 2 (1992), s. 33-34
|
| 850 |
|
|
|a Slovenská národná knižnica
|
| 852 |
|
|
|a Slovenská národná knižnica
|
| 954 |
|
|
|a odborná, vedecká literatúra cudzojazyčná (svetová)
|2 lita
|
| 954 |
|
|
|a odborná, vedecká literatúra pôvodná (slovenská)
|2 lita
|
| 958 |
|
|
|a article15
|
| 958 |
|
|
|a OND
|
| 958 |
|
|
|a RK
|
| 958 |
|
|
|a EUIPO
|
| 992 |
|
|
|a RBX
|
| 999 |
|
|
|c 2787224
|d 2789154
|